Detalles MARC
| 000 -LEADER |
| fixed length control field |
01142nam a2200361 b 4500 |
| 001 - CONTROL NUMBER |
| control field |
0221 |
| 003 - CONTROL NUMBER IDENTIFIER |
| control field |
DO-SdBNP |
| 005 - DATE AND TIME OF LATEST TRANSACTION |
| control field |
20170914130205.0 |
| 007 - PHYSICAL DESCRIPTION FIXED FIELD--GENERAL INFORMATION |
| fixed length control field |
0221 |
| 008 - FIXED-LENGTH DATA ELEMENTS--GENERAL INFORMATION |
| fixed length control field |
980728s2010 sp | ||| ||spa |
| 016 7# - NATIONAL BIBLIOGRAPHIC AGENCY CONTROL NUMBER |
| Record control number |
|
| Source |
BPMSU |
| 017 ## - COPYRIGHT OR LEGAL DEPOSIT NUMBER |
| Copyright or legal deposit number |
|
| Assigning agency |
|
| 020 ## - INTERNATIONAL STANDARD BOOK NUMBER |
| International Standard Book Number |
9788478410774 |
| 035 ## - SYSTEM CONTROL NUMBER |
| System control number |
|
| 040 ## - CATALOGING SOURCE |
| Original cataloging agency |
BPMSU |
| Language of cataloging |
spa |
| Transcribing agency |
BPMSU |
| Description conventions |
|
| 041 1# - LANGUAGE CODE |
| Language code of text/sound track or separate title |
spa |
| Language code of original |
|
| 080 #0 - UNIVERSAL DECIMAL CLASSIFICATION NUMBER |
| Universal Decimal Classification number |
|
| 082 #4 - DEWEY DECIMAL CLASSIFICATION NUMBER |
| Classification number |
R370.15 |
| Item number |
E56p |
| 130 00 - MAIN ENTRY--UNIFORM TITLE |
| Uniform title |
Practicing educational psichology |
| Language of a work |
Español |
| 240 00 - UNIFORM TITLE |
| Uniform title |
<a href="Practicing educational psychology">Practicing educational psychology</a> |
| 245 00 - TITLE STATEMENT |
| Title |
Enciclopedia de la psicopedagogía ; |
| Medium |
|
| Remainder of title |
pedagogía y psicología / |
| Statement of responsibility, etc. |
edición Ramón Sort ; maqueta e ilustración Esther Amigó. |
| 260 0# - PUBLICATION, DISTRIBUTION, ETC. (IMPRINT) |
| Place of publication, distribution, etc. |
Barcelona: |
| Name of publisher, distributor, etc. |
Océano/Centrum, |
| Date of publication, distribution, etc. |
2011 |
| 300 ## - PHYSICAL DESCRIPTION |
| Extent |
948 p. |
| Other physical details |
il. |
| Dimensions |
26 cm |
| 650 #4 - SUBJECT ADDED ENTRY--TOPICAL TERM |
| Topical term or geographic name as entry element |
PSICOPEDAGOGÍA |
| Form subdivision |
DICCIONARIOS Y ENCICLOPEDIAS |
| 650 #4 - SUBJECT ADDED ENTRY--TOPICAL TERM |
| Topical term or geographic name as entry element |
PEDAGOGÍA |
| Form subdivision |
DICCIONARIOS Y ENCICLOPEDIAS |
| 650 #4 - SUBJECT ADDED ENTRY--TOPICAL TERM |
| Topical term or geographic name as entry element |
PSICOLOGÍA |
| Form subdivision |
DICCIONARIOS Y ENCICLOPEDIAS |
| 700 12 - ADDED ENTRY--PERSONAL NAME |
| Personal name |
Sort, Ramón |
| Relator code |
|
| 700 12 - ADDED ENTRY--PERSONAL NAME |
| Personal name |
Amigó, Esther |
| 910 ## - USER-OPTION DATA (OCLC) |
| User-option data |
Validado. Control de calidad MFF |
| 942 ## - ADDED ENTRY ELEMENTS (KOHA) |
| Source of classification or shelving scheme |
Dewey Decimal Classification |
| Koha item type |
Libros |
| 945 ## - LOCAL PROCESSING INFORMATION (OCLC) |
| a |
Inventariado / 2017 VM |
| 956 ## - LOCAL ELECTRONIC LOCATION AND ACCESS (OCLC) |
| Host name |
VMATEO |
| Field link and sequence number |
10 |
| Access number |
20160621 |
| Compression information |
BPMSU |
| Path |
0069 |